000 00702nam a2200289Ia 4500
005 20260324112124.0
008 008 260324s9999 xx 000 0 eng d
020 _a9781003479895
037 _aEBOOK
040 _aCRL
040 _beng
040 _cCRL
041 _2eng
041 _aeng
084 _qCRL
100 _aRory Yeomans
_91141391
245 2 _aA Marketplace Without Jews
245 0 _bAryanization and the Final Solution in Southeastern Europe
260 _bTaylor and Francis
260 _c2024
365 _a
365 _b220
856 _uhttp://www.taylorfrancis.com/books/9781003479895
942 _cEBOOK
999 _c1730474
_d1730474